| 000 | 00616nam a2200193Ia 4500 | ||
|---|---|---|---|
| 003 | GCL | ||
| 008 | 140319s9999 xx 000 0 ara d | ||
| 040 |
_aGCL / _cGCL |
||
| 082 | 0 | 4 |
_aط _b813.02 _bج ا |
| 100 | 1 | _aجماعة من المربين (اعداد) | |
| 245 | 1 | 0 |
_aالانف العجيب / _cجماعة من المربين (اعداد) |
| 260 |
_a[S.N] : _bدار المعارف للطباعة والنشر ، _c1992 |
||
| 300 | _a16 ص | ||
| 490 |
_aاجمل القصص للاطفال _v0 |
||
| 650 | 0 | 4 | _aالاطفال |
| 650 | 0 | 4 | _aالقصص |
| 650 | 0 | 4 | _aقصص الاطفال |
| 942 |
_2ddc _cBK |
||
| 999 |
_c57695 _d57695 |
||